A whirlpool of torment : (Record no. 119914)
[ view plain ]
| 000 -LEADER | |
|---|---|
| fixed length control field | 01101cam a22003498a 4500 |
| 001 - CONTROL NUMBER | |
| control field | 4485844 |
| 003 - CONTROL NUMBER IDENTIFIER | |
| control field | ARRUPE |
| 005 - DATE AND TIME OF LATEST TRANSACTION | |
| control field | 20140204142907.0 |
| 008 - FIXED-LENGTH DATA ELEMENTS--GENERAL INFORMATION | |
| fixed length control field | 830913s1984 pau b 001 0 eng |
| 010 ## - LIBRARY OF CONGRESS CONTROL NUMBER | |
| LC control number | 83018479 |
| 020 ## - INTERNATIONAL STANDARD BOOK NUMBER | |
| International Standard Book Number | 0800615360 |
| 035 ## - SYSTEM CONTROL NUMBER | |
| System control number | (OCoLC)9970147 |
| 035 ## - SYSTEM CONTROL NUMBER | |
| System control number | (OCoLC)ocm09970147 |
| 035 ## - SYSTEM CONTROL NUMBER | |
| System control number | (NNC)4485844 |
| 040 ## - CATALOGING SOURCE | |
| Original cataloging agency | DLC |
| Transcribing agency | DLC |
| Modifying agency | NNUT |
| -- | CStRLIN |
| 050 0# - LIBRARY OF CONGRESS CALL NUMBER | |
| Classification number | BS1192.6 |
| Item number | .C73 1984 |
| 090 ## - LOCALLY ASSIGNED LC-TYPE CALL NUMBER (OCLC); LOCAL CALL NUMBER (OCLC) | |
| Classification number (OCLC) (R) ; Classification number, CALL (RLIN) (NR) | BS1192.6 |
| Local cutter number (OCLC) ; Book number/undivided call number, CALL (RLIN) | .C73 1984 |
| 300 ## - PHYSICAL DESCRIPTION | |
| Dimensions | 22 cm. |
| 100 1# - MAIN ENTRY--PERSONAL NAME | |
| Personal name | Crenshaw, James L. |
| 9 (RLIN) | 7843 |
| 245 12 - TITLE STATEMENT | |
| Title | A whirlpool of torment : |
| Remainder of title | Israelite traditions of God as an oppressive presence / |
| Statement of responsibility, etc | James L. Crenshaw. |
| 260 ## - PUBLICATION, DISTRIBUTION, ETC. (IMPRINT) | |
| Place of publication, distribution, etc | Philadelphia : |
| Name of publisher, distributor, etc | Fortress Press, |
| Date of publication, distribution, etc | c1984. |
| 263 ## - PROJECTED PUBLICATION DATE | |
| Projected publication date | 8403 |
| 300 ## - PHYSICAL DESCRIPTION | |
| Extent | xv, 128 p. ; |
| 490 1# - SERIES STATEMENT | |
| Series statement | Overtures to biblical theology ; |
| Volume number/sequential designation | 12 |
| 500 ## - GENERAL NOTE | |
| General note | Includes index. |
| 504 ## - BIBLIOGRAPHY, ETC. NOTE | |
| Bibliography, etc | Bibliography: p. 121-122. |
| 630 00 - SUBJECT ADDED ENTRY--UNIFORM TITLE | |
| Uniform title | Bible. |
| Name of part/section of a work | Old Testament |
| General subdivision | Theology. |
| 9 (RLIN) | 7844 |
| 650 #0 - SUBJECT ADDED ENTRY--TOPICAL TERM | |
| Topical term or geographic name as entry element | God |
| General subdivision | Biblical teaching. |
| 9 (RLIN) | 7845 |
| 650 #0 - SUBJECT ADDED ENTRY--TOPICAL TERM | |
| Topical term or geographic name as entry element | Theodicy |
| General subdivision | Biblical teaching. |
| 9 (RLIN) | 7846 |
| 830 #0 - SERIES ADDED ENTRY--UNIFORM TITLE | |
| Uniform title | Overtures to biblical theology ; |
| Volume number/sequential designation | 12. |
| 9 (RLIN) | 7847 |
| 942 ## - ADDED ENTRY ELEMENTS (KOHA) | |
| Source of classification or shelving scheme | Library of Congress Classification |
| Koha item type | Monograph ( Printed materials) |
| Withdrawn status | Lost status | Source of classification or shelving scheme | Damaged status | Not for loan | Collection code | Home library | Current library | Shelving location | Date acquired | Total Checkouts | Full call number | Barcode | Date last seen | Price effective from | Koha item type |
|---|---|---|---|---|---|---|---|---|---|---|---|---|---|---|---|
| Library of Congress Classification | Main Collection | ARRUPE LIBRARY | ARRUPE LIBRARY | Main Collection | 04/02/2014 | BS1192.6 .C73 1984 | 46500009797 | 07/12/2016 | 04/02/2014 | Monograph ( Printed materials) |